BIBLIOTECA

SENCICO

Las cooperativas : (Registro nro. 226)

Detalles MARC
000 -LEADER
fixed length control field 00954nam a2200241Ia 4500
003 - CONTROL NUMBER IDENTIFIER
control field PE SENCICO BE
005 - DATE AND TIME OF LATEST TRANSACTION
control field 20251020182430.0
008 - FIXED-LENGTH DATA ELEMENTS--GENERAL INFORMATION
fixed length control field 200515s9999 xx 000 0 und d
040 ## - CATALOGING SOURCE
Original cataloging agency PE SENCICO BE
Transcribing agency PE SENCICO BE
041 ## - LANGUAGE CODE
Language code of text/sound track or separate title spa
082 ## - DEWEY DECIMAL CLASSIFICATION NUMBER
Classification number 334
Item number K22
100 1# - MAIN ENTRY--PERSONAL NAME
Personal name Kaplan de Drimer, Alicia
9 (RLIN) 2530
Relator term autor
245 10 - TITLE STATEMENT
Title Las cooperativas :
Remainder of title fundamentos, historia, doctrina /
Statement of responsibility, etc. Alicia Kaplan de Drimer, Bernardo Drimer
260 ## - PUBLICATION, DISTRIBUTION, ETC.
Place of publication, distribution, etc. Buenos Aires :
Name of publisher, distributor, etc. Intercoop ;
-- F.A.C.C. ;
Date of publication, distribution, etc. 1973
300 ## - PHYSICAL DESCRIPTION
Extent p. irreg. :
Dimensions 20 cm.
505 0# - FORMATTED CONTENTS NOTE
Formatted contents note Conceptos generales acerca de las cooperativas -- Consideraciones generales sobre determinados aspectos de las cooperativas
520 3# - SUMMARY, ETC.
Summary, etc. Desarrolla el tema de las cooperativas en la Argentina y como han ido evolucionando estas entidades.
650 10 - SUBJECT ADDED ENTRY--TOPICAL TERM
Topical term or geographic name entry element Cooperativas
9 (RLIN) 2531
650 20 - SUBJECT ADDED ENTRY--TOPICAL TERM
Topical term or geographic name entry element Derecho cooperativo
9 (RLIN) 2532
650 20 - SUBJECT ADDED ENTRY--TOPICAL TERM
Topical term or geographic name entry element Historia
9 (RLIN) 707
700 1# - ADDED ENTRY--PERSONAL NAME
9 (RLIN) 2533
Personal name Drimer, Bernardo
Relator term autor
942 ## - ADDED ENTRY ELEMENTS (KOHA)
Koha item type Libros
Source of classification or shelving scheme Dewey Decimal Classification
Existencias
Fecha de la última vez que lo usaron Número de ingreso o de inventario Pago total Signatura topográfica completa Código de barras Precio efectivo desde Tipo de documento Estado perdido Sistema de clasificación Estado dañado No es para préstamo Retirado Ubicación permanente Ubicación actual Fecha de adquisición
15/05/2020 2681   334/K22 BibLima24080023 15/05/2020 Libros   Dewey Decimal Classification       Biblioteca Central Lima Biblioteca Central Lima 15/05/2020